مزامنے ملیح آبادی / (Record no. 107781)

MARC details
000 -LEADER
fixed length control field 00842nam a22002537a 4500
005 - DATE AND TIME OF LATEST TRANSACTION
control field 20170123162331.0
010 ## - LIBRARY OF CONGRESS CONTROL NUMBER
LC control number A-412254
020 ## - INTERNATIONAL STANDARD BOOK NUMBER
Terms of availability 50.00
035 ## - SYSTEM CONTROL NUMBER
System control number A-412254
037 ## - SOURCE OF ACQUISITION
Source of stock number/acquisition Cen Lib/Ret
040 ## - CATALOGING SOURCE
Original cataloging agency DPL
Language of cataloging UR
082 ## - DEWEY DECIMAL CLASSIFICATION NUMBER
Classification number 840.8
Item number م ل ی
245 ## - TITLE STATEMENT
Title مزامنے ملیح آبادی /
Statement of responsibility, etc مرتب عصمت میلہ آبادی
246 ## - VARYING FORM OF TITLE
Title proper/short title Mazamen Malih Abadi /
Remainder of title edited by Asmat Malih Abadi
260 ## - PUBLICATION, DISTRIBUTION, ETC. (IMPRINT)
Name of publisher, distributor, etc عصمت میلہ آبادی
Place of publication, distribution, etc لکھنوو
Date of publication, distribution, etc 1989
270 ## - ADDRESS
City لکھنوو
Address ہوو لوک روڈ
300 ## - PHYSICAL DESCRIPTION
Extent 224p.
Dimensions 21cm(Hb)
650 ## - SUBJECT ADDED ENTRY--TOPICAL TERM
Topical term or geographic name as entry element ادب -- اردو
9 (RLIN) 121486
650 ## - SUBJECT ADDED ENTRY--TOPICAL TERM
Topical term or geographic name as entry element اردو مضامین
9 (RLIN) 121487
650 ## - SUBJECT ADDED ENTRY--TOPICAL TERM
Topical term or geographic name as entry element Urdu literature
9 (RLIN) 121488
650 ## - SUBJECT ADDED ENTRY--TOPICAL TERM
Topical term or geographic name as entry element Urdu articles
9 (RLIN) 121489
700 ## - ADDED ENTRY--PERSONAL NAME
Personal name عصمت میلہ آبادی
9 (RLIN) 534
942 ## - ADDED ENTRY ELEMENTS (KOHA)
Source of classification or shelving scheme Dewey Decimal Classification
Koha item type Urdu Bks
Classification part 840.8
Call number suffix م ل ی
Holdings
Withdrawn status Lost status Damaged status Not for loan Home library Current library Date acquired Source of acquisition Cost, normal purchase price Total Checkouts Full call number Barcode Date last seen Copy number Cost, replacement price Price effective from Koha item type
        Central Library Central Library 11/01/2016 Cen Lib/Ret 50.00   840.8 م ل ی A-412254 11/01/2016 1 50.00 11/01/2016 Urdu Bks

© Delhi Public Library
Hit Counter
free hit counter